Quiz o Plutonie - Statystyki

Ogólne statystyki
  • Ten quiz został rozwiązany 226 razy
  • Średni wynik to 7 z 13
Statystyki odpowiedzi
Pytania Odpowiedz % Poprawnych
W 2006 roku Pluton został przeklasyfikowany na ten typ planety Planetą {karłowata}
95%
Planeta, której orbita czasami wykracza poza orbitę Plutona Neptun
88%
Pierwiastek nazwany na jego cześć Pluton
83%
Postać z kreskówki, która w nieco mylący sposób ma psa o imieniu Pluto Myszka Miki
68%
Ciało niebieskie nazwane na cześć bogini niezgody, której odkrycie w 2005 roku doprowadziło do degradacji Plutona Eris
52%
Obszar Układu Słonecznego, w którym znajduje się Pluton Pas {Kuipera}
51%
Teleskop kosmiczny, który odkrył czwarty i piąty księżyc Plutona Kosmiczny Teleskop Hubble'a
45%
Pluton jest rzymskim bogiem _______ Podziemia
45%
Największy księżyc Plutona, który jest prawie o połowę mniejszy Charon
43%
Plutona odkryto w Obserwatorium Lowella w tym stanie USA Arizona
38%
Obszar Tombaugh Regio na powierzchni Plutona wygląda jak część ludzkiego ciała Serce
33%
Grupa ludzi rządzących w „plutokracji” Bogaci
32%
Statek kosmiczny, który przeleciał obok Plutona w 2015 roku New Horizons
29%
Nie znaleziono quizów pasujących do podanych kryteriów
Rozkład punktacji
Procent ludzi z każdym wynikiem
Percentyl według liczby udzielonych odpowiedzi
Twoja historia wyników
Nie rozwiązałeś tego quizu